header

Assessment of effects of chemical contaminants in dredged material on marine ecosystems and human health (Record no. 193105)

MARC details
000 -LEADER
fixed length control field 01848nam a2200409Ia 4500
100 1# - MAIN ENTRY--AUTHOR NAME
Personal name Schipper, Cor,
245 10 - TITLE STATEMENT
Title Assessment of effects of chemical contaminants in dredged material on marine ecosystems and human health
260 ## - PUBLICATION, DISTRIBUTION, ETC. (IMPRINT)
Place of publication Amsterdam, Netherlands ;
-- Fairfax, VA :
Name of publisher Deltares, IOS Press,
Year of publication c2009.
300 ## - PHYSICAL DESCRIPTION
Number of Pages vii, 153 p. :
Other physical details ill., map.
490 1# - SERIES STATEMENT
Series statement Deltares select series,
650 #0 - SUBJECT ADDED ENTRY--TOPICAL TERM
Topical Term Aquatic organisms
Topical Term Dredging spoil
Topical Term Dredging spoil
Topical Term Aquatic ecology
Topical Term Marine ecosystem health
856 40 - ELECTRONIC LOCATION AND ACCESS
Uniform Resource Identifier http://site.ebrary.com/lib/rucke/Doc?id=10375720

No items available.

© 2026 Rongo University
Contact us: librarian | system librarian | Rongo university